000 00824nam0a22002531 4500
001 rc\2590586
005 20250623123433.0
035 _a(NLR Aleph) 006754899
090 _a5783212
_c5783212
100 _a20110914d1929 |||y0rusy50 ca
101 0 _arus
102 _aRU
105 _ay z |||a|
200 1 _aНа острове
_e(Рассказ)
_fАндрей Иркутов
210 _aМосква
_cизд-во ЦК МОПР СССР
_d1929
_gЦентр. тип. НКВМ
215 _a32 с.
_d19х14 см.
225 1 _aЮные друзья МОПР
700 1 _7ca
_8rus
_aИркутов
_bА. Д.
_f1897-1938
_gАндрей Дмитриевич
_92642082
_3RU\NLR\AUTH\770272743
801 0 _aRU
_bNLR
_gpsbo
801 1 _aRU
_bELAR
_2rusmarc
852 _aNLR
_j82/355
942 _cBOOK
980 _aNB